Alaska Airlines Destinations from LIH (Lihue) - Statistics

General Stats
  • This quiz has been taken 15 times
  • The average score is 8 of 10
Answer Stats
Hint Answer % Correct
California Los Angeles
100%
Hawaii Honolulu
92%
Oregon (Seasonal) Portland
92%
California San Diego
92%
Washington Seattle/Tacoma
92%
California Sacramento
77%
Hawaii Kahului
69%
Hawaii Kailua/Kona
69%
California San Jose
69%
California Oakland
62%
No matching quizzes found
Score Distribution
Percent of People with Each Score
Percentile by Number Answered
Your Score History
You have not taken this quiz